[Event "Lovsprings op 11th B"]
[Site "Ringsted"]
[Date "2000.05.05"]
[Round "6"]
[White "Dickow, Flemming"]
[Black "Schroder, Jan Morville"]
[Result "1-0"]
[WhiteElo "1739"]
[BlackElo "1811"]
[PlyCount "147"]
[EventDate "2000.03.24"]
[EventType "swiss"]
[EventRounds "7"]
[EventCountry "DEN"]
[SourceTitle "EXT 2023"]
[Source "ChessBase"]
[SourceDate "2022.10.05"]
[SourceVersion "1"]
[SourceVersionDate "2022.10.05"]
[SourceQuality "1"]

1. e4 e6 2. d3 d5 3. Nd2 Nf6 4. Ngf3 Be7 5. g3 c5 6. Bg2 Nc6 7. 0-0 0-0 8. Re1 b5 9. e5 Nd7 10. Nf1 a5 11. h4 b4 12. Bf4 a4 13. Ng5 Qe8 14. c4 Nb6 15. Rc1 Bb7 16. cxd5 Nxd5 17. Bd2 Nd4 18. Qh5 h6 19. Ne4 Rc8 20. Qg4 Kh8 21. Ne3 Nxe3 22. Bxe3 Bxe4 23. Bxe4 f5 24. exf6 Bxf6 25. Rc4 Qf7 26. Rec1 h5 27. Qd1 Nf5 28. Bxf5 exf5 29. Bxc5 Rfd8 30. Bxb4 Rxc4 31. Rxc4 g6 32. Qc2 Qd7 33. Bc3 Bxc3 34. Qxc3+ Qg7 35. Qxg7+ Kxg7 36. Rxa4 Rxd3 37. Ra6 Rd1+ 38. Kg2 Rd2 39. b4 Rb2 40. a3 Kf7 41. Kf3 f4 42. Kxf4 Rxf2+ 43. Ke3 Rg2 44. Kf3 Rb2 45. Ra5 Ke6 46. b5 Rb3+ 47. Kf4 Kd5 48. a4 Rb4+ 49. Kf3 Rb3+ 50. Kg2 Ke4 51. Ra6 Rb2+ 52. Kh3 Rb4 53. Rxg6 Rxa4 54. Rg5 Kf3 55. Rf5+ Ke3 56. Rxh5 Ra1 57. Rf5 Ke4 58. Rf4+ Ke3 59. Rb4 Kf3 60. Rb3+ Ke4 61. b6 Ra8 62. b7 Rb8 63. h5 Kf5 64. g4+ Kg5 65. Rb5+ Kh6 66. Kh4 Kh7 67. g5 Kg7 68. Rb6 Kg8 69. g6 Kh8 70. Kg5 Kg8 71. h6 Kf8 72. Kf6 Kg8 73. Rc6 Rxb7 74. Rc8# 1-0

[Event "Lovsprings op 11th B"]
[Site "Ringsted"]
[Date "2000.04.28"]
[Round "5"]
[White "Schroder, Jan Morville"]
[Black "Alstrup, Thomas"]
[Result "1-0"]
[WhiteElo "1811"]
[BlackElo "1763"]
[PlyCount "91"]
[EventDate "2000.03.24"]
[EventType "swiss"]
[EventRounds "7"]
[EventCountry "DEN"]
[SourceTitle "EXT 2023"]
[Source "ChessBase"]
[SourceDate "2022.10.05"]
[SourceVersion "1"]
[SourceVersionDate "2022.10.05"]
[SourceQuality "1"]

1. d4 Nf6 2. c4 c5 3. Nf3 d6 4. Nc3 Bg4 5. e3 Nbd7 6. Be2 a6 7. 0-0 Rb8 8. a4 e5 9. d5 Qe7 10. e4 g6 11. Ne1 Bxe2 12. Qxe2 Bg7 13. Nd3 Nh5 14. Bd2 Nb6 15. b3 Nf4 16. Qf3 g5 17. Ne1 h5 18. Nc2 g4 19. Qd1 Ng6 20. Ne3 Nh4 21. Ne2 Bh6 22. Ng3 Bxe3 23. Bxe3 Nd7 24. Qd2 f6 25. a5 Qh7 26. b4 Rd8 27. b5 Nf8 28. bxa6 bxa6 29. Rab1 Nd7 30. Rb7 0-0 31. Rfb1 Rb8 32. R1b3 f5 33. Bg5 f4 34. Bxh4 fxg3 35. Qg5+ Kh8 36. hxg3 Rg8 37. Rxd7 Rxb3 38. Rxh7+ Kxh7 39. Qxh5+ Kg7 40. Qxg4+ Kh7 41. Qf5+ Rg6 42. Qf7+ Kh6 43. Be7 Rb1+ 44. Kh2 Rb8 45. Bf8+ Kh5 46. g4+ 1-0

[Event "Lovsprings op 11th B"]
[Site "Ringsted"]
[Date "2000.04.14"]
[Round "4"]
[White "Madsen, Morten"]
[Black "Schroder, Jan Morville"]
[Result "1-0"]
[WhiteElo "1866"]
[BlackElo "1811"]
[PlyCount "79"]
[EventDate "2000.03.24"]
[EventType "swiss"]
[EventRounds "7"]
[EventCountry "DEN"]
[SourceTitle "EXT 2023"]
[Source "ChessBase"]
[SourceDate "2022.10.05"]
[SourceVersion "1"]
[SourceVersionDate "2022.10.05"]
[SourceQuality "1"]

1. d4 Nf6 2. Bg5 d5 3. e3 Bf5 4. Bxf6 exf6 5. Bd3 Bxd3 6. Qxd3 c6 7. Nd2 Qb6 8. Ne2 Nd7 9. 0-0 Be7 10. a3 0-0 11. Ng3 g6 12. b4 Rad8 13. c3 f5 14. Rfe1 Rfe8 15. f3 Bh4 16. Re2 Qc7 17. Nh1 Re7 18. g3 Bg5 19. f4 Bh6 20. Rg2 Rde8 21. Re1 Nf6 22. Nf2 Nh5 23. Nh3 Nf6 24. Nf2 Re6 25. Nf1 b6 26. Rb1 Rc8 27. g4 fxg4 28. Nxg4 Nxg4 29. Rxg4 Re7 30. Rh4 Bg7 31. Rb2 Qd7 32. f5 Rce8 33. fxg6 fxg6 34. Rf2 Re4 35. Rhf4 Rxf4 36. Rxf4 Bh6 37. Rf3 Qe7 38. Rg3 Rf8 39. Kg2 Rf5 40. Qxf5 1-0

[Event "Lovsprings op 11th B"]
[Site "Ringsted"]
[Date "2000.03.24"]
[Round "1"]
[White "Schroder, Jan Morville"]
[Black "Vandrup, Lars"]
[Result "1-0"]
[WhiteElo "1811"]
[BlackElo "1674"]
[PlyCount "89"]
[EventDate "2000.03.24"]
[EventType "swiss"]
[EventRounds "7"]
[EventCountry "DEN"]
[SourceTitle "EXT 2023"]
[Source "ChessBase"]
[SourceDate "2022.10.05"]
[SourceVersion "1"]
[SourceVersionDate "2022.10.05"]
[SourceQuality "1"]

1. d4 Nf6 2. c4 e5 3. dxe5 Ng4 4. Nf3 Bc5 5. e3 Nc6 6. Be2 Ngxe5 7. Nxe5 Nxe5 8. Nc3 d6 9. 0-0 0-0 10. a3 a5 11. b3 Be6 12. Bb2 Qh4 13. Nd5 Bxd5 14. cxd5 Rfe8 15. h3 Re7 16. Qd2 Bb6 17. Rac1 Rf8 18. Bc3 Ra8 19. Bb5 Qh6 20. Rfd1 Nd7 21. Bxd7 Rxd7 22. a4 Re7 23. Bd4 Bxd4 24. Qxd4 f5 25. Rc4 Re4 26. Qc3 Rxc4 27. Qxc4 Rc8 28. Qb5 Qf6 29. Qxb7 Qd8 30. Rc1 Rb8 31. Qxc7 Qxc7 32. Rxc7 Rxb3 33. Ra7 Rb6 34. Rxa5 Kf7 35. Kh2 Kf6 36. Kg3 g5 37. Rb5 Ra6 38. a5 h5 39. Kf3 Ke5 40. Ke2 Ra8 41. Kd3 h4 42. f3 Rc8 43. a6 Ra8 44. Ra5 Ra7 45. Kc3 1-0